000 00535nam a2200205 4500
003 OSt
005 20160307143750.0
008 160307b xxu||||| |||| 00| 0 eng d
020 _a0864860889
040 _c040a
082 _a301.4443
_bBUN 1988
100 _aBundy, Colin
_97107
245 _aThe rise and fall of the South African Peasantry /
_cColin Bundy
250 _a2nd.ed
260 _aLondon
_bHeinmann
_c1988
300 _axvii, 276p;
_c8 cm
504 _aIncludes index
650 _aPeasantry
_97108
942 _2ddc
_cSLOAN
999 _c3179
_d3179